=LDR 00000nam 2200000 4500 =001 INLIS000000000000598 =005 20150327084637.0 =006 =007 =008 Ind =035 ##$$0010-061300000000598 =041 ##$$a Ind =082 ##$$a 302.2 =090 ##$$a 302.2 Kom =245 ##$$a Komunikasi / Jack R. Gibb...[ et al. ]; editor SG. Huneryager =260 ##$$a Semarang $b Dahara Prize $c 1992 =300 ##$$a 116 hlm. : ilus. ; 21 cm =650 ##$$a Komunikasi =700 ##$$a Gibb, Jack R 3. Huneryager, SG =850 ##$$a NBPNMAT